Informatizácia a automatizácia skladového hospodárstva

Východiská pre nasadenie skladového softvéru. Poznatková báza informatizácie a automatizácie skladového hospodárstva. Zameranie softvérových riešení v skladovom hospodárstve. Najčastejšie používané softvéry pre skladovanie.

Salvato in:
Dettagli Bibliografici
Autore principale: Pružinský, Michal, 1952-
Altri autori: Gajdoš, Jozef, 1962-2025
Natura: Capitolo di libro
Lingua:slovacco
Soggetti:
Tags: Aggiungi Tag
Nessun Tag, puoi essere il primo ad aggiungerne!!

MARC

LEADER 00000naa$a2200000$$$4500
001 0248764
005 20240502073958.9
041 0 |a slo 
044 |a SK 
245 1 0 |a Informatizácia a automatizácia skladového hospodárstva  |c Michal Pružinský, Jozef Gajdoš 
520 |a Východiská pre nasadenie skladového softvéru. Poznatková báza informatizácie a automatizácie skladového hospodárstva. Zameranie softvérových riešení v skladovom hospodárstve. Najčastejšie používané softvéry pre skladovanie. 
610 2 0 |a skladovanie 
610 2 0 |a sklady 
610 2 0 |a hospodárstvo skladové 
610 2 0 |a označovanie tovarov 
610 2 0 |a kódy čiarové 
610 2 0 |a tok materiálu 
610 2 0 |a efektívnosť 
610 2 0 |a komunikácia 
610 2 0 |a systémy informačné 
610 2 0 |a informatizácia 
610 2 0 |a automatizácia 
100 1 |a Pružinský, Michal, 1952- 
700 1 |a Gajdoš, Jozef, 1962-2025